Holes / (Record no. 2728)

MARC details
000 -LEADER
fixed length control field 01447cam a2200373 i 4500
005 - DATE AND TIME OF LATEST TRANSACTION
control field 20240201114954.0
020 ## - INTERNATIONAL STANDARD BOOK NUMBER
International Standard Book Number 9781432841867 (large print : hardcover)
020 ## - INTERNATIONAL STANDARD BOOK NUMBER
International Standard Book Number 1432841866 (large print : hardcover)
020 ## - INTERNATIONAL STANDARD BOOK NUMBER
International Standard Book Number 9780440414803
020 ## - INTERNATIONAL STANDARD BOOK NUMBER
International Standard Book Number 9780439244190
040 ## - CATALOGING SOURCE
Original cataloging agency DLC
Language of cataloging eng
Description conventions rda
Transcribing agency DLC
050 10 - LIBRARY OF CONGRESS CALL NUMBER
Classification number PZ7.S1185
Item number Ho 2017
082 00 - DEWEY DECIMAL CLASSIFICATION NUMBER
Classification number 813.54
Edition number 23
100 1# - MAIN ENTRY--PERSONAL NAME
Personal name Sachar, Louis
Dates associated with a name 1954-
Relator term author.
245 10 - TITLE STATEMENT
Title Holes /
Statement of responsibility, etc. Louis Sachar
250 ## - EDITION STATEMENT
Edition statement 10th-Anniversary Yearling Edition September 2008
260 ## - PUBLICATION, DISTRIBUTION, ETC.
Place of publication, distribution, etc. New York :
Name of publisher, distributor, etc. Random House,
Date of publication, distribution, etc. 1998
300 ## - PHYSICAL DESCRIPTION
Extent 289 pages :
Dimensions 23 cm
490 0# - SERIES STATEMENT
Series statement Thorndike Press large print the literacy bridge
500 ## - GENERAL NOTE
General note Originally published in a slightly different form in New York by Farrar, Straus and Giroux in 1998.
505 ## - FORMATTED CONTENTS NOTE
Formatted contents note O
520 ## - SUMMARY, ETC.
Summary, etc. As further evidence of his family's bad fortune which they attribute to a curse on a distant relative, Stanley Yelnats is sent to a hellish correctional camp in the Texas desert where he finds his first real friend, a treasure, and a new sense of himself.
521 ## - TARGET AUDIENCE NOTE
Target audience note 660
Source Lexile
521 ## - TARGET AUDIENCE NOTE
Target audience note O
Source Raz-Plus
650 #0 - SUBJECT ADDED ENTRY--TOPICAL TERM
Topical term or geographic name entry element Large type books.
650 #1 - SUBJECT ADDED ENTRY--TOPICAL TERM
Topical term or geographic name entry element Juvenile delinquency
Form subdivision Fiction.
650 #1 - SUBJECT ADDED ENTRY--TOPICAL TERM
Topical term or geographic name entry element Homeless persons
Form subdivision Fiction.
650 #1 - SUBJECT ADDED ENTRY--TOPICAL TERM
Topical term or geographic name entry element Friendship
Form subdivision Fiction.
650 #1 - SUBJECT ADDED ENTRY--TOPICAL TERM
Topical term or geographic name entry element Buried treasure
Form subdivision Fiction.
650 #1 - SUBJECT ADDED ENTRY--TOPICAL TERM
Topical term or geographic name entry element Large type books.
906 ## - LOCAL DATA ELEMENT F, LDF (RLIN)
a 7
b cbc
c orignew
d 1
e ecip
f 20
g y-gencatlg
942 ## - ADDED ENTRY ELEMENTS (KOHA)
Source of classification or shelving scheme Dewey Decimal Classification
Koha item type Books
Suppress in OPAC No
999 ## -
-- 2728
-- 2728
Holdings
Withdrawn status Lost status Source of classification or shelving scheme Damaged status Not for loan Collection Home library Current library Shelving location Date acquired Total Checkouts Full call number Barcode Date last seen Copy number Price effective from Koha item type
    Dewey Decimal Classification     Juvenile Fiction Footprints International School Library Network Toul Kork Campus Footprints International School Library Network Toul Kork Campus   01/11/2024   SAC 813.54 PZ7.S1185 FISSE02567 01/11/2024 1 01/11/2024 Books
    Dewey Decimal Classification     Juvenile Fiction Footprints International School Library Network Toul Kork Campus Footprints International School Library Network Toul Kork Campus TK Primary Library Room(4th Floor), Bookcase 5&6, Shelves 33-56, Orange Books 01/31/2024   SAC 813.54 PZ7.S1185 FISSE02619 01/31/2024 2 01/31/2024 Books
    Dewey Decimal Classification     Juvenile Fiction Footprints International School Library Network Toul Kork Campus Footprints International School Library Network Toul Kork Campus TK Primary Library Room(4th Floor), Bookcase 5&6, Shelves 33-56, Orange Books 01/31/2024   SAC 813.54 PZ7.S1185 FISSE00286 02/01/2024 3 01/31/2024 Books